Social science.

Bibliographic Details
New Title:International social science review
Corporate Author: Pi Gamma Mu
Format: Journal
Language:English
Published: Winfield, Kansas : Pi Gamma Mu, 1925-1981.
Subjects:
Online Availability: Check for online availability

MARC

Tag First Indicator Second Indicator Subfields
LEADER 00000cas a22000001a 4500
001 in00000083030
005 20151008055542.0
008 751101d19251981ksuqr1p 0uu1a0engm
010 |a  30032092  
012 |a 3  |b 1  |k 1  |l 1  |m d 
022 0 |a 0037-7848 
035 |a (OCoLC)01765690 
035 |9 AAJ3765AM 
037 |b (Ina Turner Gray) National Executive Secretary of Pi Gamma Mu, Winfield, KS 67156 
040 |a DLC  |c MUL  |d COO  |d YUS  |d NSD  |d DLC  |d NSD  |d TXA  |d UtOrBLW 
042 |a lc  |a nsdp 
049 |a TXAE 
050 0 0 |a H1  |b .S55 
222 0 |a Social science 
245 0 0 |a Social science. 
264 1 |a Winfield, Kansas :  |b Pi Gamma Mu,  |c 1925-1981. 
300 |a 56 volumes :  |b illustrations ;  |c 23 cm. 
336 |a text  |b txt  |2 rdacontent 
337 |a unmediated  |b n  |2 rdamedia 
338 |a volume  |b nc  |2 rdacarrier 
362 0 |a Vol. 1 (Nov. 1925)-v. 56, no. 4 (autumn 1981). 
550 |a "Published quarterly as the official journal of the National Social Science Honor Society Pi Gamma Mu." 
650 0 |a Social sciences  |v Periodicals. 
650 0 |a Social problems  |v Periodicals. 
710 2 |a Pi Gamma Mu. 
785 0 0 |t International social science review 
785 0 0 |t International social science review  |x 0278-2308  |g winter 1982 
999 |a MARS 
999 f f |s 92dd0c79-0cb9-381f-85a1-44f0ec70e6eb  |i e6ffc27f-7080-33aa-a941-718c1f5e6d55  |t 0 
952 f f |p ric  |a Texas A&M University  |b Rellis Campus  |c Joint Library Facility  |d Remote Storage  |t 0  |e H1 .S55  |h Library of Congress classification  |i unmediated -- volume  |k v.50  |l 1975  |m A14842854649 
952 f f |p ric  |a Texas A&M University  |b Rellis Campus  |c Joint Library Facility  |d Remote Storage  |t 0  |e H1 .S55  |h Library of Congress classification  |i unmediated -- volume  |k v.51  |l 1976  |m A14842854656 
952 f f |p ric  |a Texas A&M University  |b Rellis Campus  |c Joint Library Facility  |d Remote Storage  |t 0  |e H1 .S55  |h Library of Congress classification  |i unmediated -- volume  |k v.45  |l 1970  |m A14842854961 
952 f f |p ric  |a Texas A&M University  |b Rellis Campus  |c Joint Library Facility  |d Remote Storage  |t 0  |e H1 .S55  |h Library of Congress classification  |i unmediated -- volume  |k v.49  |l 1974  |m A14842854631 
952 f f |p ric  |a Texas A&M University  |b Rellis Campus  |c Joint Library Facility  |d Remote Storage  |t 0  |e H1 .S55  |h Library of Congress classification  |i unmediated -- volume  |k v.53  |l 1978  |m A14842854664 
952 f f |p ric  |a Texas A&M University  |b Rellis Campus  |c Joint Library Facility  |d Remote Storage  |t 0  |e H1 .S55  |h Library of Congress classification  |i unmediated -- volume  |k v.46  |l 1971  |m A14842854847 
952 f f |p ric  |a Texas A&M University  |b Rellis Campus  |c Joint Library Facility  |d Remote Storage  |t 0  |e H1 .S55  |h Library of Congress classification  |i unmediated -- volume  |k v.54  |l 1979  |m A14842854672 
952 f f |p ric  |a Texas A&M University  |b Rellis Campus  |c Joint Library Facility  |d Remote Storage  |t 0  |e H1 .S55  |h Library of Congress classification  |i unmediated -- volume  |k v.55-56  |l 1980-1981  |m A14842854680 
952 f f |p ric  |a Texas A&M University  |b Rellis Campus  |c Joint Library Facility  |d Remote Storage  |t 0  |e H1 .S55  |h Library of Congress classification  |i unmediated -- volume  |k v.48  |l 1973  |m A14842854623 
952 f f |p ric  |a Texas A&M University  |b Rellis Campus  |c Joint Library Facility  |d Remote Storage  |t 0  |e H1 .S55  |h Library of Congress classification  |i unmediated -- volume  |k v.52  |l 1977  |m A14819508672 
952 f f |p ric  |a Texas A&M University  |b Rellis Campus  |c Joint Library Facility  |d Remote Storage  |t 0  |e H1 .S55  |h Library of Congress classification  |i unmediated -- volume  |k v.47:no.2-4  |l 1972:spring-autumn  |m A14842854615 
998 f f |a H1 .S55  |s v.48-56 (1973-1981)  |t 0  |l Remote Storage